An atlas of Russian history ; eleven centuries of changing borders /

Bibliographic Details
Main Author: Chew, Allen F.
Format: Book
Language:English
Published: New Haven : Yale University Press, 1970.
Edition:Rev. ed.
Subjects:

MARC

Tag First Indicator Second Indicator Subfields
LEADER 00000cam a2200000 4500
001 in00000331908
005 20151011060414.0
008 710324s1970 ctub b 00010 eng
010 |a  78653611  
020 |a 0300014457(pbk)  |c $4.95 
035 |a (OCoLC)00128208 
035 |9 ABM5655AM 
040 |a DLC  |c DLC  |d TXA  |d UtOrBLW 
043 |a e-ur-ru 
049 |a TXAC  |c [1101119] 
050 0 0 |a G2111.S1  |b C5 1970 
082 0 |a 911.47 
100 1 |a Chew, Allen F. 
245 1 3 |a An atlas of Russian history ;  |b eleven centuries of changing borders /  |c by Allen F. Chew. 
250 |a Rev. ed. 
264 1 |a New Haven :  |b Yale University Press,  |c 1970. 
300 |a xi, 127 pages :  |b maps. ;  |c 28 cm. 
336 |a text  |b txt  |2 rdacontent 
337 |a unmediated  |b n  |2 rdamedia 
338 |a volume  |b nc  |2 rdacarrier 
504 |a Bibliography: pages x-xi. 
651 0 |a Soviet Union  |x Historical geography  |x Maps. 
999 |a MARS 
999 f f |s 6fe72eb9-4146-3bbc-8395-28ffa6b9287e  |i 3cdbcad4-2a69-3080-8a91-9fe38e13f1aa  |t 0 
952 f f |p noncirc  |a Texas A&M University  |b College Station  |c Sterling C. Evans Library  |d Evans: Maps (2nd floor)  |t 0  |e G2111.S1 C5 1970  |h Library of Congress classification  |i unmediated -- volume  |m A14800276747 
998 f f |a G2111.S1 C5 1970  |t 0  |l Evans: Maps (2nd floor)